[Event "Tijuca op"]
[Site "Tijuca"]
[Date "2012.06.09"]
[Round "5"]
[White "Baptista, Andre Kemper"]
[Black "De Carvalho, Jose Jorge"]
[Result "0-1"]
[WhiteElo "1774"]
[BlackElo "2181"]
[PlyCount "88"]
[EventDate "2012.06.07"]
[EventType "swiss"]
[EventRounds "7"]
[EventCountry "BRA"]
[SourceTitle "EXT 2014"]
[Source "ChessBase"]
[SourceDate "2013.11.20"]
[SourceVersion "1"]
[SourceVersionDate "2013.11.20"]
[SourceQuality "1"]

1. e4 e5 2. Nf3 Nc6 3. Bc4 Bc5 4. c3 Nf6 5. d4 exd4 6. cxd4 Bb4+ 7. Bd2 Bxd2+ 8. Nbxd2 d5 9. exd5 Nxd5 10. 0-0 0-0 11. Ne5 Nce7 12. Qb3 c6 13. Rac1 Qb6 14. Qa3 Qxd4 15. Ndf3 Qf4 16. Bd3 Qb4 17. Qxb4 Nxb4 18. Bc4 Nbd5 19. Rfd1 a5 20. a4 Bf5 21. Nd4 Bg6 22. Nxg6 hxg6 23. Nf3 Rfd8 24. Ng5 Rd7 25. Be2 Rad8 26. Bg4 Nf5 27. Re1 Nf4 28. Rcd1 Rxd1 29. Rxd1 Rxd1+ 30. Bxd1 Nd3 31. b3 Nd4 32. Nf3 Nxf3+ 33. Bxf3 Nc5 34. Bd1 Kf8 35. Kf1 Ke7 36. Ke2 Kd6 37. Ke3 Ne6 38. Kd2 Kc5 39. Kc3 Nf4 40. Bf3 Nd5+ 41. Kd2 Kb4 42. Bd1 Nf4 43. g3 Ne6 44. Kc2 Nc5 0-1

[Event "Tijuca op"]
[Site "Tijuca"]
[Date "2012.06.07"]
[Round "1"]
[White "Oliveira, Fernando Ventura"]
[Black "Baptista, Andre Kemper"]
[Result "0-1"]
[WhiteElo "2097"]
[BlackElo "1774"]
[PlyCount "72"]
[EventDate "2012.06.07"]
[EventType "swiss"]
[EventRounds "7"]
[EventCountry "BRA"]
[SourceTitle "EXT 2014"]
[Source "ChessBase"]
[SourceDate "2013.11.20"]
[SourceVersion "1"]
[SourceVersionDate "2013.11.20"]
[SourceQuality "1"]

1. c4 c5 2. g3 Nf6 3. Bg2 g6 4. Nc3 Bg7 5. e4 Nc6 6. Nge2 d6 7. h3 Be6 8. d3 0-0 9. 0-0 Qc8 10. Kh2 h5 11. Be3 Ne5 12. Nf4 Bd7 13. Nfd5 Nc6 14. Qd2 Nxd5 15. cxd5 Nd4 16. f4 b5 17. Rac1 Qa6 18. b3 b4 19. Ne2 Nxe2 20. Qxe2 Bb5 21. Rfd1 Bc3 22. f5 Kg7 23. Bf1 Be5 24. Rc2 h4 25. Bf4 hxg3+ 26. Bxg3 Bxg3+ 27. Kxg3 Rg8 28. fxg6 Kf8 29. Qh5 Rxg6+ 30. Kh2 Kg7 31. Rf2 Rh8 32. Rxf7+ Kxf7 33. Qxh8 Qxa2+ 34. Kh1 Qf2 35. Qh7+ Rg7 36. Qh5+ Kg8 0-1